Sports Quiz

Random Sports or NCAA Quiz

Most Outstanding Player From The NCAA Tournament Quiz Stats

 Plays Quiz not verified by Sporcle

Score 0/30 Timer 10:00
0 Plays Today
% Correct
Bill Russell
93.8%
Wilt Chamberlain
93.8%
Anthony Davis
93.8%
Lew Alcindor
90.6%
Magic Johnson
90.6%
Patrick Ewing
90.6%
Shane Battier
90.6%
Carmelo Anthony
90.6%
Joakim Noah
90.6%
Mario Chalmers
90.6%
Kemba Walker
90.6%
Isiah Thomas
87.5%
James Worthy
87.5%
Christian Laettner
87.5%
Jerry West
84.4%
% Correct
Hakeem Olajuwon
84.4%
Elgin Baylor
81.3%
Bill Walton
78.1%
Richard Hamilton
78.1%
Shabazz Napier
78.1%
Emeka Okafor
75%
Corey Brewer
75%
Danny Manning
68.8%
Glen Rice
68.8%
Tyus Jones
62.5%
Bill Bradley
59.4%
Jerry Lucas
56.3%
David Thompson
50%
Joel Berry II
50%
Ryan Arcidiacono
28.1%

You're not logged in!

Compare scores with friends on all Sporcle quizzes.
Join for Free
OR
Log In

You Might Also Like...

Show Comments

Extras

Top Quizzes Today


Score Distribution

Your Account Isn't Verified!

In order to create a playlist on Sporcle, you need to verify the email address you used during registration. Go to your Sporcle Settings to finish the process.

Report this User

Report this user for behavior that violates our Community Guidelines.

Details: